| 000 | 00000nas 2200000za 4500 |
| 001 | 9.501821 |
| 003 | CaOODSP |
| 005 | 20250618104132 |
| 007 | cr ||||||||||| |
| 008 | 150406c20059999oncar p o f0 b0fre|d |
| 022 | |a1911-5229 |
| 040 | |aCaOODSP|bfre |
| 043 | |an-cn--- |
| 086 | 1 |aCS92-500GF-PDF |
| 245 | 00|aFichier du réseau routier, guide de référence |h[ressource électronique]. |
| 260 | |aOttawa : |bStatistique Canada, Division de la géographie. |
| 310 | |aAnnuel |
| 362 | 1 |aParaît depuis 2005. |
| 500 | |aPubl. aussi en anglais sous le titre : Road network file, reference guide. |
| 520 | |aDécrit le contenu et les applications du produit et contient des renseignements sur la qualité des données, les clichés d'enregistrement et méthodologie. |
| 692 | 07|2gccst|aRéseau routier |
| 710 | 1 |aCanada.|bStatistique Canada.|bDivision de la géographie. |
| 775 | 08|tRoad network file, reference guide |w(CaOODSP)9.505423 |